Secondary education: an introduction /

Salvato in:
Dettagli Bibliografici
Autori principali: Armstrong, David G (Autore), Savage, Tom V (Autore)
Natura: Libro
Lingua:inglese
Pubblicazione: New York : Macmillan Publishing Company, 1983
Edizione:1.vyd.
Soggetti:
Tags: Aggiungi Tag
Nessun Tag, puoi essere il primo ad aggiungerne!!

MARC

LEADER 00000nam a22000003a 4500
001 stu9348
005 20150617225806.7
008 970103s1983----xxu-----------------eng-d
020 |a 0-02-304070-X 
040 |a STU  |b slo 
041 0 |a eng 
044 |a xxu 
080 |a 373.5 
100 1 |a Armstrong, David G  |4 aut 
245 1 |a Secondary education: an introduction /  |c [aut.] Armstrong,David G.; Savage,Tom V 
250 |a 1.vyd. 
260 |a New York :  |b Macmillan Publishing Company,  |c 1983 
300 |a 479 s 
650 7 |a stredné školy  |2 stusub 
650 7 |a stredoškolské vzdelávanie  |2 stusub 
650 7 |a USA  |2 stusub 
650 7 |a Spojené štáty americké  |2 stusub 
700 1 |a Savage, Tom V  |4 aut 
996 |b E81028  |c R*81028  |l RRUM  |s A  |a 24  |w stu9348_0001